LEADER 01226nam0-2200373---450- 001 990009843110403321 005 20140414085551.0 035 $a000984311 035 $aFED01000984311 035 $a(Aleph)000984311FED01 035 $a000984311 100 $a20140326d1942----km-y0itay50------ba 101 0 $aita 102 $aIT 105 $aY-------001yy 200 1 $a<>scisma del MCXXX$ei precedenti, la vicenda romana e le ripercussioni europee della lotta tra Anacleto e Innocenzo II$fPier Fausto Palumbo 210 $aRoma$cpresso la R. Deputazione alla Biblioteca Vallicelliana$d1942 215 $aXVI, 704 p.$d25 cm 225 1 $aMiscellanea della R. Deputazione Romana di Storia Patria 311 $aIn appendice: Regesto degli atti di Anacleto II 423 0$12001$aRegesto degli atti di Anacleto II 610 0 $aInnocentius 610 0 $aScisma$aSec. 12. 610 0 $aAnacleto 676 $a270.4 676 $a272 700 1$aPalumbo,$bPier Fausto$0137974 801 0$aIT$bUNINA$gRICA$2UNIMARC 901 $aBK 912 $a990009843110403321 952 $a270.4 PAL 1$bBibl. 64204$fFLFBC 959 $aFLFBC 996 $aScisma del MCXXX$9826487 997 $aUNINA LEADER 02627oam 2200697I 450 001 9910454942403321 005 20200520144314.0 010 $a1-134-91738-4 010 $a1-134-91739-2 010 $a1-280-32286-1 010 $a0-203-41496-9 024 7 $a10.4324/9780203414965 035 $a(CKB)111056485514142 035 $a(EBL)180137 035 $a(OCoLC)475886402 035 $a(SSID)ssj0000145701 035 $a(PQKBManifestationID)11912008 035 $a(PQKBTitleCode)TC0000145701 035 $a(PQKBWorkID)10181891 035 $a(PQKB)10010814 035 $a(MiAaPQ)EBC180137 035 $a(Au-PeEL)EBL180137 035 $a(CaPaEBR)ebr10057318 035 $a(CaONFJC)MIL32286 035 $a(OCoLC)50706267 035 $a(EXLCZ)99111056485514142 100 $a20180331d1997 uy 0 101 0 $aeng 135 $aur|n|---||||| 181 $ctxt 182 $cc 183 $acr 200 10$aEmbodied progress $ea cultural account of assisted conception /$fSarah Franklin 210 1$aLondon ;$aNew York :$cRoutledge,$d1997. 215 $a1 online resource (265 p.) 300 $aDescription based upon print version of record. 311 $a0-415-06767-7 311 $a0-415-06766-9 320 $aIncludes bibliographical references (p. [230]-245) and index. 327 $aBook Cover; Title; Contents; Acknowledgements; Introduction; Conception among the anthropologists; Contested conceptions in the enterprise culture; The 'obstacle course': the reproductive work of IVF; 'It just takes over': IVF as a 'way of life'; 'Having to try' and 'having to choose': how IVF 'makes sense'; The embodiment of progress; Notes; Bibliography; Index 330 $aThis book offers a unique perspective on the cultural dimensions of assisted conception techniques such as IVF. It looks at experiences of those who undergo the treatment and asks how such experiences may be variously understood. 606 $aMedical anthropology 606 $aHuman reproductive technology 606 $aFertilization in vitro, Human 606 $aKinship$xPhilosophy 606 $aSocial medicine 608 $aElectronic books. 615 0$aMedical anthropology. 615 0$aHuman reproductive technology. 615 0$aFertilization in vitro, Human. 615 0$aKinship$xPhilosophy. 615 0$aSocial medicine. 676 $a306.4/61 700 $aFranklin$b Sarah$f1960,$0975187 801 0$bMiAaPQ 801 1$bMiAaPQ 801 2$bMiAaPQ 906 $aBOOK 912 $a9910454942403321 996 $aEmbodied progress$92220392 997 $aUNINA